000 00694nam a2200217 i 4500
001 133830
003 ES-MaACL
005 20230906194536.0
007 t|
008 070830s1970 sp ||||1| spa d
100 0 _aWright, G. H. von.
_9117408
245 1 0 _aNorma y acción
_b: una investigación lógica /
_cGeorg Henrik von Wright ; [traducida por Pedro García Ferrero].
260 _aMadrid :
_bTecnos,
_c[1970]
300 _a216 p. ;
_c23 cm.
490 1 _aEstructura y función ;
_v30
650 4 _aLógica.
_914693
700 1 _aGarcía Ferrero, Pedro.
_954614
830 0 _aEstructura y función ;
_v30
_9181428
852 _aES-MaACL
_jC-38164
_bR.72689
999 _c133830
_d133830